Vodohospodářské soustavy /
Uložené v:
| Hlavný autor: | |
|---|---|
| Médium: | Kniha |
| Jazyk: | Czech English Russian |
| Vydané: |
Praha :
Státní nakladatelství technické literatury,
1979.
|
| Vydanie: | 1. vyd. |
| Edícia: | Česká matice technická
Řada stavební literatury čís. 359 (roč. 94, 1979) |
| ISBN: |
(viaz.) |
| Fyzický popis: |
465, [2] s. : obr. a tb. |
| Tagy: |
Pridať tag
Žiadne tagy, Buďte prvý kto otaguje tento záznam!
|
Titul je dostupný aj v ... 

MARC
| LEADER | 00000nam a22000001 4500 | ||
|---|---|---|---|
| 001 | 000227708 | ||
| 005 | 20100812204647.0 | ||
| 008 | 960121s1979 xr cze d | ||
| 020 | |a (viaz.) |c Kčs 70,00 | ||
| 040 | |a SVKKK |b slo |c SVKKK |e AACR2 | ||
| 041 | 0 | |a cze |a eng |a rus | |
| 044 | |a xr |c CZ | ||
| 245 | 0 | 0 | |a Vodohospodářské soustavy / |c Ladislav Votruba ... [et al.]. |
| 250 | |a 1. vyd. | ||
| 260 | |a Praha : |b Státní nakladatelství technické literatury, |c 1979. | ||
| 300 | |a 465, [2] s. : |b obr. a tb. | ||
| 366 | |e 2300 výt. | ||
| 490 | 1 | |a Česká matice technická | |
| 490 | 1 | |a Řada stavební literatury |v čís. 359 (roč. 94, 1979) | |
| 500 | |a Terminologický slovníček | ||
| 500 | |a Česko-rusko-angl. slovníček a rus. a angl. register systémových ekvivalentov | ||
| 500 | |a Pozn. | ||
| 500 | |a Obálka a väzba: Vladislav Jacák | ||
| 504 | |a Prehľ. lit. | ||
| 504 | |a Menný a vecný register | ||
| 546 | |a Súbež. rus. a angl. obsah | ||
| 700 | 1 | |a Votruba, Ladislav, |d 1914-2002 |4 aut | |
| 830 | 0 | |a Česká matice technická | |
| 830 | 0 | |a Řada stavební literatury |v čís. 359 (roč. 94, 1979) | |
| 910 | |a svkkk | ||
| 998 | |a BK | ||
| 090 | |g SCKHL |k Sklad Pribinova 1. posch. |a IV.99857 |j 616563 |i 227708-10 |s Absenčne | ||
| 090 | |g SCKHL |k Sklad Pribinova 1. posch. |a IV.99858 |j 616564 |i 227708-20 |s Absenčne | ||
| 090 | |g SCKHL |k Sklad Pribinova 1. posch. |a IV.99859 |j 616565 |i 227708-30 |s Absenčne | ||
| 090 | |g SCKHL |k Sklad Pribinova 1. posch. |a IV.99860 |j 616566 |i 227708-40 |s Absenčne | ||